000 00775nac a22002411i 4500
003 EG-ScBUE
005 20250731092826.0
008 250731s1961 nyu g 000 0 eng d
040 _aEG-ScBUE
_beng
_erda
_cEG-ScBUE
_dEG-ScBUE
082 0 4 _a541.396
_bCOU
_222
100 1 _aCoulson, C. A.,
_eauthor.
245 1 0 _aValence /
_cby C. A. Coulson.
250 _aSecond edition.
264 1 _aNew York ;
_aLodon :
_bOxford University Press,
_c1961.
300 _a404 pages :
_billustrations ;
_c23 cm
336 _2rdacontent
_atext
_btxt
337 _aunmediated
_2rdamedia
_bn
338 _avolume
_bnc
_2rdacarrier
650 7 _aValence (Theoretical chemistry)
_2BUEsh
655 _vReading book
942 _cBB
_2ddc
999 _c1856
_d1856